| 000 | 01193nam a2200301 a 4500 | ||
|---|---|---|---|
| 001 | ebr10553205 | ||
| 003 | CaPaEBR | ||
| 006 | m u | ||
| 007 | cr cn||||||||| | ||
| 008 | 120424s2012 gw a sb 000 0 eng d | ||
| 020 | _z9783842865808 | ||
| 020 | _z9783842815803 (e-book) | ||
| 040 |
_aCaPaEBR _cCaPaEBR |
||
| 035 | _a(OCoLC)794490330 | ||
| 050 | 1 | 4 |
_aHD49 _b.F76 2012eb |
| 100 | 1 | _aFronz, Christian. | |
| 245 | 1 | 0 |
_aStrategic management in crisis communication _h[electronic resource] : _ba multinational approach / _cChristian Fronz. |
| 260 |
_aHamburg : _bDiplomica Verlag, _c2012. |
||
| 300 |
_axii, 208 p. : _bill. (chiefly col.) |
||
| 500 | _aTitle from cover. | ||
| 504 | _aIncludes bibliographical references. | ||
| 533 |
_aElectronic reproduction. _bPalo Alto, Calif. : _cebrary, _d2011. _nAvailable via World Wide Web. _nAccess may be limited to ebrary affiliated libraries. |
||
| 650 | 0 | _aCrisis management. | |
| 650 | 0 | _aEmergency communication systems. | |
| 655 | 7 |
_aElectronic books. _2local |
|
| 710 | 2 | _aebrary, Inc. | |
| 856 | 4 | 0 |
_uhttp://site.ebrary.com/lib/rucke/Doc?id=10553205 _zAn electronic book accessible through the World Wide Web; click to view |
| 999 |
_c199888 _d199888 |
||